00299pab a2200121 454500008004000000100002100040245003400061260000900095300001500104362001000119650001400129773003400143180718b2001 xxu||||| |||| 00| 0 eng d aNavlakha, Gautam aWar as failure of imagination c2001 ap.3811-813 a6 Oct aTerrorism aEconomic and Political Weekly